000 00335 a2200157 4500
001 73485
020 _a857232338-4
040 _cAnchieta - Colégio São Paulo
100 _aAlencar, José de
240 1 0 _aO Guarani
_lpor
245 1 0 _aO Guarani
300 _a279
362 0 _a1999
650 4 _aFicção brasileira
942 _cBK
999 _c73485
_d73485